| 000 | 00000nam##2200000za#4500 |
| 001 | 9.700432 |
| 003 | CaOODSP |
| 005 | 20210625000830 |
| 007 | cr ||||||||||| |
| 008 | 150407|1962||||xxc|||||o f|0| 0 eng|d |
| 040 | |aCaOODSP|beng |
| 043 | |an-cn--- |
| 086 | 1 |aA43-1006/1962E-PDF |
| 110 | 1 |aCanada.|bAgriculture Canada.|bResearch Branch. |
| 245 | 10|aControl of cattle lice / |h[electronic resource]|cby W.O. Haufe. |
| 250 | |a2nd rev. |
| 260 | |aOttawa - Ontario : |bAgriculture Canada. |c1962. |
| 300 | |a16p.|btables |
| 500 | |aIncorrect copyright date (1992) printed in this publication. |
| 590 | |a15-03-Supp|b2015-03-13 |
| 690 | 07|aPlants|2gcpds |
| 690 | 07|aWild plants|2gcpds |
| 720 | 1 |aHaufe, W. O. |
| 775 | 08|tRépression des poux des bovins / |w(CaOODSP)9.644321 |
| 856 | 40|ahttp://publications.gc.ca|qPDF|s1108 KB|uhttps://publications.gc.ca/collections/collection_2015/aac-aafc/A43-1006-1962-eng.pdf |
| 986 | |aPublication 1006 |